Catálogo

Análisis económico intermedio / (Registro nro. 34405)

Detalles MARC
000 -LEADER
fixed length control field 01138cam a2200289 i 4500
001 - CONTROL NUMBER
control field 34405
003 - CONTROL NUMBER IDENTIFIER
control field Mx-PuUPA
005 - DATE AND TIME OF LATEST TRANSACTION
control field 20240410103754.0
008 - FIXED-LENGTH DATA ELEMENTS--GENERAL INFORMATION
fixed length control field 140415s1963 mx a r 000 0 spa d
040 ## - CATALOGING SOURCE
Original cataloging agency MX-PuUPA
Language of cataloging spa
Description conventions rda
Transcribing agency Mx-PuUPA
Modifying agency Mx-PuUPA
041 1# - LANGUAGE CODE
Language code of text/sound track or separate title spa
Language code of original eng
100 1# - MAIN ENTRY--PERSONAL NAME
Personal name Carter, W. Harrison,
Dates associated with a name 1905-1974
Fuller form of name (William Harrison),
Relator term autor
9 (RLIN) 6932
240 10 - UNIFORM TITLE
Uniform title Intermediate economic analysis.
Language of a work Español
245 10 - TITLE STATEMENT
Title Análisis económico intermedio /
Statement of responsibility, etc. W. Harrison Carter, William P. Snavely ; traducción, Aurelio Reyes Gil.
250 ## - EDITION STATEMENT
Edition statement Primera edición
264 #1 - PRODUCTION, PUBLICATION, DISTRIBUTION, MANUFACTURE, AND COPYRIGHT NOTICE
Place of production, publication, distribution, manufacture México, D.F. :
Name of producer, publisher, distributor, manufacturer Compañia Editorial Continental,
Date of production, publication, distribution, manufacture, or copyright notice 1963
300 ## - PHYSICAL DESCRIPTION
Extent 533 páginas :
Other physical details gráficos ;
Dimensions 23 cm.
336 ## - CONTENT TYPE
Content type term texto
Fuente rdacontent
Content type code txt
337 ## - MEDIA TYPE
Media type term sin medio
Source rdamedia
Media type code n
338 ## - CARRIER TYPE
Carrier type term volumen
Source rdacarrier
Carrier type code nc
650 #4 - SUBJECT ADDED ENTRY--TOPICAL TERM
Topical term or geographic name entry element Competencia económica
General subdivision Economía
-- Teorias
700 1# - ADDED ENTRY--PERSONAL NAME
Personal name Snavely, William P.,
Relator term autor
700 1# - ADDED ENTRY--PERSONAL NAME
Personal name Reyes Gil, Aurelio,
Relator term traductor
765 08 - ORIGINAL LANGUAGE ENTRY
Main entry heading Carter, W. Harrison, 1905-1974, (William Harrison),
Title Intermediate economic analysis.
942 ## - ADDED ENTRY ELEMENTS (KOHA)
Source of classification or shelving scheme Dewey Decimal Classification
Koha item type Libro
Classification part 330.1
Item part C257
Existencias
Withdrawn status Lost status Source of classification or shelving scheme Damaged status Not for loan Collection code Home library Current library Shelving location Date acquired Source of acquisition Total Checkouts Full call number Barcode Date last seen Date last checked out Copy number Price effective from Koha item type
    Dewey Decimal Classification     General Biblioteca Karol Wojtyla Biblioteca Karol Wojtyla Sala general 03/12/2013 Compra   330.1 C257 1963 52167 05/01/2026 05/03/2018 Ej.2 03/04/2018 Libro
    Dewey Decimal Classification     General Biblioteca Karol Wojtyla Biblioteca Karol Wojtyla Sala general 03/12/2013 Compra   330.1 C257 1963 5260 05/01/2026     03/12/2013 Libro